Minister Mikolaj ide zrušiť školské úrady

Podrobná bibliografia
Hlavný autor: Petková, Zuzana, 1975- (Autor)
Médium: Článok
Jazyk:slovenčina
ISSN:1335-4051
Predmet:

MARC

LEADER 00000nab a2200000 a 4500
001 vtls009084208
003 SK-MaSNL
005 20260426070913.0
008 070801c20070606xo ur| 0 0slo
015 |a SNBRB2007/08 
038 |a RVGKPD 
040 |a RVGKPD  |b slo  |c RVGKPD  |e AACR2 
041 |a slo 
044 |a xo  |c SK 
080 |a 37.014.63  |x (437.6)  |2 1997 
100 1 |a Petková, Zuzana,  |d 1975-  |4 aut  |9 254606 
245 1 0 |a Minister Mikolaj ide zrušiť školské úrady  |c Zuzana Petková 
650 0 7 |a krajské školské úrady  |2 rvgkpd  |9 1324443 
651 7 |a Slovensko  |2 rvgkpd  |9 14231 
773 0 |t Pravda  |g Roč. XVII, č. 129 (6.6.2007), s. 1, 2  |x 1335-4051 
852 |a RVGKPD  |b KIS3G 
992 |a RBX 
999 |c 2672425  |d 2674355